000 00843nam a2200265Ia 4500
003 OSt
005 20221005104452.0
006 a|||||r|||| 00| 0
007 ta
008 221004b |||||||| |||| 00| 0 hin d
020 _a9788181663993 (hbk)
_c150
024 _a17257
037 _b24018, 27/03/2015, Kitab Ghar
_cTextual
040 _aCRL
_cCRL
_bhin
041 _2hin
_ahin
082 _aO152,3M80,VA, Q1
100 _aप्रेमचन्द
245 0 _aवरदान
246 _aVaradāna
260 _aदिल्ली
_bमेधा बुक्स भारत
_c2011
300 _a144पृ0
_ccm.
650 _aहिन्दी साहित्य
942 _hO152,3M80,VA, Q1
_cTEXL
_2cc
999 _c1012798
_d1012798